000 00314 a2200109 4500
001 ART_8959
005 20260410161642.0
008 260409a
245 1 0 _aEl fideicomiso de construcción
100 1 _aMoreno, Carolina
773 0 _tConsultor tributario
_g- Año 5, Nº 56 (oct. 2011)
_wREV474
999 _c13412
_d13412